Engineering mechanics
Na minha lista:
| Autor principal: | |
|---|---|
| Formato: | Livro |
| Idioma: | Undetermined |
| Publicado em: |
Singapore
John Wiley & Sons, Inc
2003
|
| Assuntos: | |
| Tags: |
Adicionar Tag
Sem tags, seja o primeiro a adicionar uma tag!
|
| Thư viện lưu trữ: | Trung tâm Học liệu Trường Đại học Cần Thơ |
|---|
| LEADER | 00514nam a2200193Ia 4500 | ||
|---|---|---|---|
| 001 | CTU_87442 | ||
| 008 | 210402s9999 xx 000 0 und d | ||
| 020 | |c 120000 | ||
| 082 | |a 620.1 | ||
| 082 | |b M561/Vol.1 | ||
| 100 | |a J.L.Meriam | ||
| 245 | 0 | |a Engineering mechanics | |
| 245 | 0 | |c J.L.Meriam | |
| 260 | |a Singapore | ||
| 260 | |b John Wiley & Sons, Inc | ||
| 260 | |c 2003 | ||
| 650 | |a mechanical engineering,mechanics, applied | ||
| 904 | |i Giang | ||
| 980 | |a Trung tâm Học liệu Trường Đại học Cần Thơ | ||